| 000 | 00410nam a2200133Ia 4500 | ||
|---|---|---|---|
| 005 | 20251222144848.0 | ||
| 008 | 251222s9999||||xx |||||||||||||| ||spa|| | ||
| 020 | _a84-604-4867-3 | ||
| 082 | _a972.9/F41 | ||
| 100 | _aFernández de Oviedo, Gonzalo | ||
| 245 | 0 | _aSumario de la Natural y General Historia de las Indias | |
| 264 | _bConfederación Española de Gremios y Asociación de Libreros | ||
| 942 | _cLIB | ||
| 999 |
_c21475 _d21475 |
||